Slavi︠a︡nskiĭ mir mezhdu Rimom i Konstantinopolem /

Bibliographic Details
Corporate Author: Institut slavi︠a︡novedenii︠a︡ (Rossiĭskai︠a︡ akademii︠a︡ nauk)
Other Authors: Flori︠a︡, B. N. (Boris Nikolaevich)
Format: Book
Language:Russian
Published: Moskva : Indrik, 2004.
Series:Slavi͡ane i ikh sosedi ; vyp. 11.
Subjects:

MARC

Tag First Indicator Second Indicator Subfields
LEADER 00000cam a2200000Ma 4500
001 in00002072021
005 20151102052006.0
008 050329s2004 ru 000 0 rusod
020 |a 5857592860 
035 |a (OCoLC)ocm58959043 
040 |a COO  |c COO  |d TXA  |d UtOrBLW 
049 |a TXAM 
050 4 |a DJK27  |b .S52 2004 
245 0 0 |a Slavi︠a︡nskiĭ mir mezhdu Rimom i Konstantinopolem /  |c [red. kollegii︠a︡: B.N. Flori︠a︡ and others]. 
264 1 |a Moskva :  |b Indrik,  |c 2004. 
300 |a 269 pages ;  |c 22 cm. 
336 |a text  |b txt  |2 rdacontent 
337 |a unmediated  |b n  |2 rdamedia 
338 |a volume  |b nc  |2 rdacarrier 
490 1 |a Slavi︠a︡ne i ikh sosedi ;  |v vyp. 11 
500 |a At head of title: Rossiĭskai︠a︡ akademii︠a︡ nauk. Institut slavi︠a︡novedenii︠a︡. 
650 0 |a Slavs  |z Europe, Eastern  |x History  |v Congresses. 
650 0 |a Slavs  |z Europe, Central  |x History  |v Congresses. 
650 0 |a Slavs  |z Balkan Peninsula  |x History  |v Congresses. 
700 1 |a Flori︠a︡, B. N.  |q (Boris Nikolaevich) 
710 2 |a Institut slavi︠a︡novedenii︠a︡ (Rossiĭskai︠a︡ akademii︠a︡ nauk) 
830 0 |a Slavi͡ane i ikh sosedi ;  |v vyp. 11. 
994 |a C0  |b TXA 
948 |a cataloged  |b h  |c 2005/8/23  |d c  |e spoltoratski  |f 1:22:14 pm 
999 |a MARS 
999 f f |s eb7bc2d4-8aed-3acb-adf1-45e5936ce59f  |i 3d13db55-bdb9-364a-a92d-dabe715e1f96  |t 0 
952 f f |p ric  |a Texas A&M University  |b Rellis Campus  |c Joint Library Facility  |d Remote Storage  |t 0  |e DJK27 .S52 2004  |h Library of Congress classification  |i unmediated -- volume  |m A14833103648 
998 f f |a DJK27 .S52 2004  |t 0  |l Remote Storage